Vikings Hall of Famers - Statistics

General Stats
  • This quiz has been taken 34 times
  • The average score is 6 of 15
Answer Stats
Pos Yrs Played/Coached Player % Correct
WR 1998-2004, 2010 Randy Moss
94%
WR 1990-2001 Cris Carter
88%
QB 1961-1966,1972-1978 Fran Tarkenton
84%
DT 1967-1978 Alan Page
78%
Coach 1967-1983, 1985 Bud Grant
69%
DT 1990-2000 John Randle
59%
DE 1985-1993 Chris Doleman
28%
OG 2006-2011 Steve Hutchinson
25%
OG 1988-1999 Randall McDaniel
22%
DE 1964-1978 Carl Eller
19%
OT 1968-1981 Ron Yary
16%
DB 1968-1979 Paul Krause
13%
C 1962-1978 Mick Tingelhoff
9%
OT 1986-1992 Gary Zimmerman
6%
GM 1964-1973 Jim Finks
6%
No matching quizzes found
Score Distribution
Percent of People with Each Score
Percentile by Number Answered
Your Score History
You have not taken this quiz